[Event "Arab-ch"]
[Site "Khartoum"]
[Date "2016.11.05"]
[Round "8"]
[White "Abdelazeez, Mohamed Abdalla"]
[Black "Bukhari, Mohameed"]
[Result "1-0"]
[WhiteElo "2193"]
[BlackElo "1697"]
[PlyCount "61"]
[EventDate "2016.10.31"]
[EventType "tourn"]
[EventRounds "9"]
[EventCountry "SUD"]
[SourceTitle "CBM 175 Extra"]
[Source "ChessBase"]
[SourceDate "2016.12.12"]
[SourceVersion "1"]
[SourceVersionDate "2016.12.12"]
[SourceQuality "1"]

1. d4 e6 2. c4 c5 3. d5 d6 4. Nc3 a6 5. e4 Be7 6. Nf3 e5 7. Bd3 h6 8. a3 Nf6 9. b4 b6 10. Rb1 0-0 11. 0-0 Nh7 12. Ne2 f5 13. exf5 Bxf5 14. Bxf5 Rxf5 15. Ng3 Rf7 16. bxc5 bxc5 17. Re1 Ng5 18. Bxg5 Bxg5 19. Ne4 Be7 20. Re3 Nd7 21. Reb3 Nf6 22. Nfd2 Rf8 23. Nxf6+ Rxf6 24. Ne4 Rf5 25. Rb7 Rf4 26. Qe2 Qf8 27. g3 Rf7 28. Qh5 Rf5 29. Qg6 Rd8 30. Rxe7 Rxf2 31. Qe6+ 1-0

[Event "Arab-ch"]
[Site "Khartoum"]
[Date "2016.11.04"]
[Round "6"]
[White "Nadir, Samir"]
[Black "Bukhari, Mohameed"]
[Result "1-0"]
[WhiteElo "2180"]
[BlackElo "1697"]
[PlyCount "63"]
[EventDate "2016.10.31"]
[EventType "tourn"]
[EventRounds "9"]
[EventCountry "SUD"]
[SourceTitle "CBM 175 Extra"]
[Source "ChessBase"]
[SourceDate "2016.12.12"]
[SourceVersion "1"]
[SourceVersionDate "2016.12.12"]
[SourceQuality "1"]

1. d4 e6 2. Nf3 b6 3. e4 Bb7 4. Bd3 d6 5. 0-0 Be7 6. c4 Nd7 7. Nc3 Ngf6 8. Qe2 c5 9. Rd1 cxd4 10. Nxd4 a6 11. b3 Ne5 12. Bb1 Qc8 13. Bb2 Nc6 14. Na4 Qc7 15. Qe3 Bd8 16. Ba3 d5 17. exd5 Ng4 18. Qh3 Nxd4 19. Qxg4 Bf6 20. Rxd4 Qe5 21. Rd1 Qxa1 22. dxe6 Qe5 23. exf7+ Kxf7 24. Qd7+ Be7 25. Qxb7 Rab8 26. Qf3+ Bf6 27. Bd6 Qa5 28. b4 Qxa4 29. Qd5+ Ke8 30. Qe6+ Kd8 31. Bc7+ Kxc7 32. Qf7+ 1-0

[Event "Arab-ch"]
[Site "Khartoum"]
[Date "2016.10.31"]
[Round "1"]
[White "Ameir, Moheb"]
[Black "Bukhari, Mohameed"]
[Result "1-0"]
[WhiteElo "2435"]
[BlackElo "1697"]
[PlyCount "49"]
[EventDate "2016.10.31"]
[EventType "tourn"]
[EventRounds "9"]
[EventCountry "SUD"]
[SourceTitle "CBM 175 Extra"]
[Source "ChessBase"]
[SourceDate "2016.12.12"]
[SourceVersion "1"]
[SourceVersionDate "2016.12.12"]
[SourceQuality "1"]

1. e4 c5 2. Nf3 e6 3. c3 a6 4. d4 cxd4 5. cxd4 d6 6. Nc3 Bd7 7. Bd3 Be7 8. 0-0 h6 9. Qe2 Nc6 10. d5 Ne5 11. Nxe5 dxe5 12. Bc4 Nf6 13. Rd1 Qc7 14. Bb3 0-0 15. Be3 b5 16. Rac1 Qb8 17. dxe6 Bxe6 18. Bxe6 fxe6 19. a4 b4 20. Nb1 Nxe4 21. Qg4 Nxf2 22. Qxe6+ Kh8 23. Bxf2 Rxf2 24. Kxf2 Qa7+ 25. Ke2 1-0

[Event "Asian Continental op 14th"]
[Site "Al Ain"]
[Date "2015.08.10"]
[Round "9"]
[White "Bukhari, Mohameed"]
[Black "Alattar, Rakan"]
[Result "0-1"]
[WhiteElo "1737"]
[BlackElo "2012"]
[PlyCount "70"]
[EventDate "2015.08.02"]
[EventType "swiss"]
[EventRounds "9"]
[EventCountry "UAE"]
[SourceTitle "CBM 168"]
[Source "ChessBase"]
[SourceDate "2015.09.14"]
[SourceVersion "1"]
[SourceVersionDate "2015.09.14"]
[SourceQuality "1"]

1. e4 d6 2. d4 g6 3. Nc3 Bg7 4. h3 Nf6 5. Nf3 0-0 6. Bd3 a6 7. 0-0 b5 8. Be3 Bb7 9. a3 Nbd7 10. Qd2 c5 11. d5 c4 12. Be2 Nc5 13. Bxc5 dxc5 14. Qe3 Qc7 15. Nd2 Rfe8 16. Qf3 e6 17. dxe6 Rxe6 18. Rac1 Rd8 19. Qe3 Qd6 20. Rcd1 Qe7 21. Bf3 Bc6 22. Rfe1 Re8 23. b4 cxb4 24. axb4 Qxb4 25. Rb1 Qe7 26. Qf4 Nd7 27. Qe3 f5 28. Ne2 fxe4 29. Bg4 Rd6 30. Ra1 Nf6 31. Qa3 Nxg4 32. hxg4 Qd7 33. Qe3 Rd8 34. c3 Rxd2 35. Nd4 Rd3 0-1